000
00331nam a22001457a 4500
008
230627b ||||| |||| 00| 0 eng d
020
_a
0072556420
041
_a
eng
080
_2
FOURTH EDITION
_a
159.9
082
_a
159.9BRO
100
_a
25
101
_a
PSI
245
_a
EXERCISE PHYSIOLOGY
_c
BROOKS .A. G
942
_2
udc
_c
BK
999
_c
60052
_d
60052